<A> Time for Truth

Salvato in:
Dettagli Bibliografici
Autore principale: Simon, William E.
Natura: Libro
Lingua:inglese
Pubblicazione: New York Berkley Publ. Corporation 1979
Edizione:1. ed.
Tags: Aggiungi Tag
Nessun Tag, puoi essere il primo ad aggiungerne!!

MARC

LEADER 00000nam a2200000 4500
001 c024218
005 20221220102827.3
041 0 |a eng 
044 |a US 
245 1 0 |a <A> Time for Truth  |c William E. Simon 
250 |a 1. ed. 
264 1 |a New York  |b Berkley Publ. Corporation  |c 1979 
300 |a 280 s. 
100 1 |a Simon, William E.